O clado Merianthera e as tribos Merianieae e Microliceae (Melastomataceae) na Serra Negra, Minas Gerais (Registro n. 330767)
[ somente texto ]
| 000 -LÍDER | |
|---|---|
| fixed length control field | 03713nab a2200289 i 4500 |
| 003 - CÓDIGO MARC DA AGÊNCIA CATALOGADORA | |
| Campo de controle | BR-BrBNA |
| 005 - DATA E HORA DA ÚLTIMA ATUALIZAÇÃO | |
| Campo de controle | 20250401100732.0 |
| 008 - CAMPO DE TAMANHO FIXO | |
| fixed length control field | 250401b2016 bl.qr|pooa||| 00| 0 por | |
| 040 ## - FONTE DA CATALOGAÇÃO | |
| Agência catalogadora | BR-BrBNA |
| Idioma da catalogação | por |
| 072 ## - CATEGORIA AGRIS | |
| Código AGRIS | F70 |
| 100 ## - ENTRADA PRINCIPAL - NOME PESSOAL | |
| Nome pessoal | Justino, Luciana Leitão |
| 100 ## - ENTRADA PRINCIPAL - NOME PESSOAL | |
| Nome pessoal | Salimena, Fátima Regina Gonçalves |
| 100 ## - ENTRADA PRINCIPAL - NOME PESSOAL | |
| Nome pessoal | Chiavegatto, Berenice |
| 100 ## - ENTRADA PRINCIPAL - NOME PESSOAL | |
| Nome pessoal | Menini Neto, Luiz |
| 245 ## - TÍTULO PRINCIPAL | |
| Título principal | O clado Merianthera e as tribos Merianieae e Microliceae (Melastomataceae) na Serra Negra, Minas Gerais |
| 500 ## - NOTA GERAL | |
| Nota geral | Publicação on-line; Bibliography p. 836-838 (53 ref.); 3 illus.; Summaries (En, Pt) |
| 942 ## - ADDED ENTRY ELEMENTS (KOHA) | |
| Koha item type | Analítica |
| 520 ## - NOTA DE RESUMO | |
| Nota de conteúdo | <br/><br/>Resumo<br/><br/>Apresenta-se um estudo taxonômico do clado Merianthera e das tribos Merianieae e Microlicieae (Melastomataceae)<br/>na Serra Negra, localizada no Complexo da Mantiqueira, região sul da Zona da Mata de Minas Gerais, Brasil.<br/>O clado Merianthera está representado por Behuria parvifolia, Huberia nettoana e Cambessedesia hilariana, Merianieae <br/>está representada apenas por Meriania claussenii, enquanto Microlicieae está representada por<br/>Lavoisieraimbricata, Microlicia serpyllifolia, Rhynchanthera dichotoma, Trembleya elegans, Trembleya parviflora e Trembleya phlogiformis. <br/>A região vem sofrendo impactos devido à plantação de Pinus e Eucalyptus, especulação<br/>imobiliária, visitação desorganizada, coleta ilegal de plantas, bem como o aumento das áreas de pastagem, de modo<br/>que várias espécies se encontram sob constante ameaça. Em relação à conservação, deve-se ressaltar as espécies<br/>B. parvifolia, H. nettoana e M. claussenii, provavelmente ameaçadas de extinção a nível regional ou nacional. No<br/>presente artigo são apresentadas chaves de identificação, descrições, ilustrações, informações sobre distribuição<br/>geográfica e comentários morfológicos para os táxons desses grupos representados na Serra Negra.<br/><br/>Palavras-chave: conservação, flora, Floresta Atlântica, Serra da Mantiqueira, taxonomia.<br/><br/><br/><br/><br/><br/>Abstract<br/><br/>A taxonomic study of the clade Merianthera and the tribes Merianieae and Microliceae (Melastomataceae) of Serra<br/>Negra, located in the southern region of Zona da Mata of Minas Gerais, Brazil, is presented. The clade Merianthera<br/>is represented by Behuria parvifolia, Huberia nettoana and Cambessedesia hilariana, Merianieae is represented<br/>by Meriania claussenii, while Microlicieae is represented by Lavoisiera imbricata, Microlicia serpyllifolia, Rhynchanthera dichotoma, <br/>Trembleya elegans, Trembleya parviflora and Trembleya phlogiformis. The region<br/>is suffering environmental impacts due to Pinus and Eucalyptus planting, real-state speculation, disorganized<br/>visitation, illegal collection of plants, as well as the use of forest remnants and field areas for grazing. Regarding<br/>conservation, it should be highlighted the species B. parvifolia, H. nettoana and M. claussenii, probably threatened<br/>with extinction at regional or national levels. Identification keys, descriptions, illustrations, information on the<br/>geographical distribution and morphological comments for taxa of these groups in Serra Negra are presented.<br/><br/>Key words: conservation, floristics, Atlantic Forest, Mantiqueira Range, taxonomy. |
| 650 ## - ASSUNTO - THESAGRO | |
| Cabeçalho tópico ou nome geográfico | CONSERVAÇÃO |
| 650 ## - ASSUNTO - THESAGRO | |
| Cabeçalho tópico ou nome geográfico | FLORA |
| 650 ## - ASSUNTO - THESAGRO | |
| Cabeçalho tópico ou nome geográfico | FLORESTA ATLÂNTICA |
| 650 ## - ASSUNTO - THESAGRO | |
| Cabeçalho tópico ou nome geográfico | SERRA DA MANTIQUEIRA |
| 650 ## - ASSUNTO - THESAGRO | |
| Cabeçalho tópico ou nome geográfico | TAXONOMIA |
| 773 0# - ENTRADA ANALÍTICA | |
| Host Biblionumber | 709 |
| Registro do item | 349459 |
| Imprenta | Rio de Janeiro-RJ Jardim Botanico do Rio de Janeiro 1935 |
| Outro identificador | 2025-1979 |
| Título | Rodriguésia (Brazil) |
| ISSN | 0370-6583; 2175-7860 on-line |
| Colação | v. 67(3) p. 823-838; (2016) |
| Número de controle de registro | BR2025000206 |
| 856 ## - ACESSO E ENDEREÇO ELETRÔNICO | |
| Identificador uniforme de recurso - URI | https://www.scielo.br/j/rod/a/btWDZ6GL33JRFsBFMpdHQ3v/?format=pdf&lang=pt |
Nenhum exemplar disponível.

BINAGRI